| 000 | 00915nam a2200301 i 4500 | ||
|---|---|---|---|
| 003 | EG-GICUC | ||
| 005 | 20260423093652.0 | ||
| 008 | 260423s1930 uk ||||fr|||| 00| 0 eng d | ||
| 040 |
_aEG-GiCUC _beng _cEG-GiCUC _dEG-GiCUC _eRda |
||
| 082 | 0 | 4 |
_221 _a343.623 _bWO . P |
| 092 | 0 | 4 | _221 |
| 099 | _aLaw1 10 343.623 WO . P 1930 | ||
| 100 | 1 |
_aWoodworth,Robert S. _eAuthor. |
|
| 245 | 1 | 0 |
_aPsychology / _cRobert S. Woodworth. |
| 250 | _aEighth Edition, Revised | ||
| 264 | 1 |
_aLondon : _bMethuen & Co. Ltd, _c1930. |
|
| 300 |
_a590 page ; _c 24 cm. |
||
| 336 |
_2rda contenu _a texte |
||
| 337 |
_2rda medias _aOrdinateur |
||
| 338 |
_2 transporteur rda _a Ressource en ligne |
||
| 546 | _aText in English | ||
| 650 | 1 | _aCriminal Law | |
| 650 | 1 | _aCriminology | |
| 650 | 1 | _aPsychological Approach | |
| 856 | 4 | 0 | _uhttps://fll.law.cu.edu.eg/fulltext/bks/B10-10864.pdf |
| 905 | _a59 | ||
| 942 |
_2ddc _n0 _cBK _e21 |
||
| 999 |
_c72959 _d72959 |
||